LIBRARY & INFORMATION CENTRE, KCAET, TAVANUR

ONLINE PUBLIC ACCESS CATALOGUE (OPAC)

Production technology of spices (Record no. 15694)

MARC details
000 -LEADER
fixed length control field 00348nam a22001457a 4500
003 - CONTROL NUMBER IDENTIFIER
control field OSt
008 - FIXED-LENGTH DATA ELEMENTS--GENERAL INFORMATION
fixed length control field 190528b ||||| |||| 00| 0 eng d
020 ## - INTERNATIONAL STANDARD BOOK NUMBER
ISBN 9788177545005
082 ## - DEWEY DECIMAL CLASSIFICATION NUMBER
Classification number 633
Item number SHA/PR
100 ## - MAIN ENTRY--AUTHOR NAME
Personal name Shakila, A
245 ## - TITLE STATEMENT
Title Production technology of spices
260 ## - PUBLICATION, DISTRIBUTION, ETC. (IMPRINT)
Place of publication Jodhpur
Name of publisher Agrobios
Year of publication 2013
300 ## - PHYSICAL DESCRIPTION
Number of Pages 264 p.
942 ## - ADDED ENTRY ELEMENTS (KOHA)
Koha item type Books
Holdings
Withdrawn status Lost status Damaged status Collection code Home library Current library Shelving location Date acquired Cost, normal purchase price Full call number Accession Number Koha item type
      Non-fiction KAUAET KAUAET General Stacks 28/05/2019 990.00 633 SHA/PR 25912 Books
free website counter